State Of Municipal In India/ (Record no. 166585)

MARC details
000 -LEADER
fixed length control field 00601nam a22001817a 4500
005 - DATE AND TIME OF LATEST TRANSACTION
control field 20190729163257.0
010 ## - LCCN (DPL NO)
LC control number ENG-126101
020 ## - INTERNATIONAL STANDARD BOOK NUMBER
International Standard Book Number 978-93-8117-672-6
Terms of availability 850.00
035 ## - SYSTEM CONTROL NUMBER
System control number EN-109633
037 ## - SOURCE OF ACQUISITION
Source of stock number/acquisition DBAD/PUB
082 ## - DEWEY DECIMAL CLASSIFICATION NUMBER
Classification number 336.0140454
100 ## - MAIN ENTRY--PERSONAL NAME
Personal name Panda, Gitanjali
245 ## - TITLE STATEMENT
Title State Of Municipal In India/
Statement of responsibility, etc by Gitanjali Panda
260 ## - PUBLICATION, DISTRIBUTION, ETC. (IMPRINT)
Place of publication, distribution, etc New delhi
Name of publisher, distributor, etc SSDN Publishers And Distributors
Date of publication, distribution, etc 2013
270 ## - ADDRESS
Address 5A, Sahni Mansion, Ansari Road Daryaganj
City New Delhi
Postal code 110002
Telephone number 47520102
Electronic mail address ssdnbooks@gmail.com
300 ## - PHYSICAL DESCRIPTION
Extent 238p.
Dimensions 23cm(hb)
942 ## - ADDED ENTRY ELEMENTS (KOHA)
Source of classification or shelving scheme Dewey Decimal Classification
Item type English Books
Classification part 336.0140454
Call number suffix PAN
Holdings
Withdrawn status Lost status Not for loan Collection code Home library Current library Date acquired Source of acquisition Cost, normal purchase price Full call number Barcode Copy number Cost, replacement price Koha item type
      Non-fiction Sarojini Nagar Sarojini Nagar 29/07/2019 DBAD/PUB 850.00 336.0140454 PAN EN-109633 1 850.00 English Books

© Delhi Public Library
Hit Counter
free hit counter